15 dragons de fiction - Statistiques

Statistiques générales
  • Ce quiz a été pris 867 fois
  • Le résultat moyen est 6 sur 15
Statistiques - réponses
Indice(s) Nom du Dragon % Correct
Forme évoluée finale de Salamèche. Dracaufeu
87%
Furie Nocturne plus où moins apprivoisé par Harold. Krokmou
68%
Dragon-gardien autoproclamé de Mulan. Mushu
65%
Petit dragon violet et jaune, héros d'une série de jeux vidéo des années 90. Spyro
64%
Cracheur de feu qui couva longtemps le trésor des nains d'Erebor. Smaug
60%
Dragon sacré qui apparaît lorsque sont réunies les sept Dragon Ball. Shenron
54%
Carte la plus chère du TCG Yu-Gi-Oh! Dragon Blanc aux Yeux Bleus
49%
Norvégien à crête né en captivité, et élevé par Hagrid durant deux semaines. Norbert
46%
L'un des trois dragons de Daenerys, avec Rhaegal et Viserion. Drogon
33%
Garçon se transformant en dragon, ami de Chihiro. Haku
27%
Roi des Dragons de Feu et père adoptif de Natsu. Ignir
24%
Dragonne bleue d'Eragon. Saphira
21%
Dragon Eliatrope, frère jumeau de Yugo. Adamaï
18%
Dragon à fourrure blanche nacrée issu de L'Histoire Sans Fin. Falkor
11%
Dragon blanc, dieu de la diplomatie et ami de Lanfeust. Sphax
4%
Aucun quiz correspondant
Distribution des résultats
% des personnes avec chaque résultat
Percentile par nombre de réponses
Votre historique - résultats
Vous n’avez pas pris ce quiz